Pozycja Personal Name
Liczba rekordów, w których użyto hasła: 3
001 - Numer kontrolny
- control field: 39675
003 - Identyfikator numeru kontrolnego
- control field: NUKAT
005 - Data i czas ostatniej modyfikacji
- control field: 20260408144747.0
008 - Dane kontrolne kodowane (40 znaków)
- fixed length control field: 050119n||azznnbabn |a aaa |
010 ## - Numer kontrolny Biblioteki Kongresu
- numer kontrolny LC: p 2004408902
024 7# - OTHER STANDARD IDENTIFIER
- Standard number or code: 112935997
- Source of number or code: viaf
035 ## - Numer systemowy
- numer systemowy: a11793399
035 ## - Numer systemowy
- numer systemowy: (PL)a0000001179339
040 ## - Instytucja sporządzająca rekord
- inst. przygot. dane do rek. khw: WA N
- język haseł przedmiotowych/tezaurus: DBN
- inst. wprow. rek. khw: WA N
043 ## - Kod obszaru geograficznego
- ISO code: PL
046 ## - Special dates
- Birth date: 19010803
- Death date: 19810528
100 0# - Hasło - nazwa osobowa
- nazwa osobowa w formie ujednoliconej: Stefan Wyszyński
- dopowiedzenie inne niż daty biograficzne: (błogosławiony ;
- daty biograficzne: 1901-1981)
368 ## - Other Attributes
- Other designation: Święci i błogosławieni
- Start period: 20210912
368 ## - Other Attributes
- Title of person: Prezbiterzy
- Start period: 1924
368 ## - Other Attributes
- Title of person: Biskupi
- Start period: 1946
368 ## - Other Attributes
- Title of person: Prymasi
- Start period: 1948
- End period: 1981
368 ## - Other Attributes
- Title of person: Kardynałowie
- Start period: 1953
370 ## - Associated place
- Place of birth: Zuzela (woj. mazowieckie, pow. ostrowski, gm. Nur)
370 ## - Associated place
- Place of death: Warszawa (woj. mazowieckie)
370 ## - Associated place
- Country: Polska
372 ## - Field of activity
- Field: Katolicyzm
373 ## - Associated Group
- Associated group: Kościół katolicki
375 ## - Gender
- Gender: 1
- Source of term: iso5218
377 ## - Assoc lang
- Lang code: pol
- Lang code: lat
400 0# - Trop zob. - nazwa osobowa
- nazwa osobowa (nazwisko, imiona): Dr. S. W.
400 0# - Trop zob. - nazwa osobowa
- nazwa osobowa (nazwisko, imiona): Stefan Wyszyński
- dopowiedzenia inne niż daty biograficzne: (Blessed ;
- daty biograficzne: 1901-1981)
400 1# - Trop zob. - nazwa osobowa
- nazwa osobowa (nazwisko, imiona): Wyszyński, St.
- daty biograficzne: (1901-1981)
400 1# - Trop zob. - nazwa osobowa
- nazwa osobowa (nazwisko, imiona): Wyszyński, S.
- daty biograficzne: (1901-1981)
400 1# - Trop zob. - nazwa osobowa
- nazwa osobowa (nazwisko, imiona): Wyszynski
- daty biograficzne: (1901-1981)
400 1# - Trop zob. - nazwa osobowa
- nazwa osobowa (nazwisko, imiona): Vyšinskij, Stefan
- daty biograficzne: (1901-1981)
400 1# - Trop zob. - nazwa osobowa
- nazwa osobowa (nazwisko, imiona): Wyszynski, Stefan
- daty biograficzne: (1901-1981)
400 1# - Trop zob. - nazwa osobowa
- nazwa osobowa (nazwisko, imiona): Wyszyński, Stefan
- daty biograficzne: (1901-1981)
400 1# - Trop zob. - nazwa osobowa
- nazwa osobowa (nazwisko, imiona): Wyszyński, Stephani
- daty biograficzne: (1901-1981)
400 1# - Trop zob. - nazwa osobowa
- nazwa osobowa (nazwisko, imiona): Zuzelski, Stefan
- daty biograficzne: (1901-1981)
550 ## - Trop zob. też - nazwa pospolita
- nazwa posp. lub nazwa geogr. na pocz.: Kaplica Jasnogórskiej Matki Kościoła (Warszawa)
550 ## - Trop zob. też - nazwa pospolita
- nazwa posp. lub nazwa geogr. na pocz.: Nagroda im. Stefana Kardynała Wyszyńskiego
550 ## - Trop zob. też - nazwa pospolita
- nazwa posp. lub nazwa geogr. na pocz.: Wielka Nowenna (1957-1966)
670 ## - Źródło informacji
- źródło informacji: EP
670 ## - Źródło informacji
- źródło informacji: PB
670 ## - Źródło informacji
- źródło informacji: Wikipedia
682 ## - Informacja o usuniętym haśle
- tekst wyjaśniający: zmienione z:
- zastąpione hasło: Wyszyński, Stefan (1901-1981)